|
|
|
|
| LEADER |
01813nam a2200445 i 4500 |
| 001 |
EBC4770369 |
| 003 |
MiAaPQ |
| 005 |
20200520144314.0 |
| 006 |
m o d | |
| 007 |
cr cnu|||||||| |
| 008 |
170103t20172017enka ob 001 0 eng d |
| 020 |
|
|
|z 9781119330820
|
| 020 |
|
|
|a 9781119330806
|q (electronic bk.)
|
| 035 |
|
|
|a (MiAaPQ)EBC4770369
|
| 035 |
|
|
|a (Au-PeEL)EBL4770369
|
| 035 |
|
|
|a (CaPaEBR)ebr11318075
|
| 035 |
|
|
|a (CaONFJC)MIL979344
|
| 035 |
|
|
|a (OCoLC)967096739
|
| 040 |
|
|
|a MiAaPQ
|b eng
|e rda
|e pn
|c MiAaPQ
|d MiAaPQ
|
| 050 |
|
4 |
|a HG1616.C34
|b .R365 2017
|
| 082 |
0 |
|
|a 332.1068/1
|2 23
|
| 100 |
1 |
|
|a Ramirez, Juan,
|d 1961-
|e author.
|
| 245 |
1 |
0 |
|a Handbook of Basel III capital :
|b enhancing bank capital in practice /
|c Juan Ramirez.
|
| 264 |
|
1 |
|a Chichester, England :
|b Wiley,
|c 2017.
|
| 264 |
|
4 |
|c 2017
|
| 300 |
|
|
|a 1 online resource (563 pages) :
|b illustrations (some color), tables
|
| 336 |
|
|
|a text
|2 rdacontent
|
| 337 |
|
|
|a computer
|2 rdamedia
|
| 338 |
|
|
|a online resource
|2 rdacarrier
|
| 504 |
|
|
|a Includes bibliographical references and index.
|
| 588 |
|
|
|a Description based on print version record.
|
| 590 |
|
|
|a Electronic reproduction. Ann Arbor, MI : ProQuest, 2016. Available via World Wide Web. Access may be limited to ProQuest affiliated libraries.
|
| 630 |
0 |
0 |
|a Basel III
|d (2010)
|
| 650 |
|
0 |
|a Bank capital.
|
| 650 |
|
0 |
|a Banks and banking, International.
|
| 650 |
|
0 |
|a International finance.
|
| 655 |
|
4 |
|a Electronic books.
|
| 776 |
0 |
8 |
|i Print version:
|a Ramirez, Juan, 1961-
|t Handbook of Basel III capital : enhancing bank capital in practice.
|d Chichester, England : Wiley, c2017
|h xv, 544 pages
|z 9781119330820
|w 2016038684
|
| 797 |
2 |
|
|a ProQuest (Firm)
|
| 856 |
4 |
0 |
|u https://ebookcentral.proquest.com/lib/matrademy/detail.action?docID=4770369
|z Click to View
|